| 000 | 00662cam a2200217 4500500 | ||
|---|---|---|---|
| 005 | 20260329004900.0 | ||
| 041 | _afre | ||
| 042 | _adc | ||
| 100 | 1 | 0 |
_aGustave, Océane _eauthor |
| 245 | 0 | 0 | _aRêver des îles. Le voyage comme respiration philosophique |
| 260 | _c2021. | ||
| 500 | _a64 | ||
| 690 | _aÉvasion | ||
| 690 | _aHenry David Thoreau | ||
| 690 | _aIdentité | ||
| 690 | _aVoyage | ||
| 690 | _aVoyage Philosophique | ||
| 690 | _aWinnicott | ||
| 786 | 0 | _nPhilosophie magazine | 151 | 8 | 2021-07-01 | p. 61-61 | 1951-1787 | |
| 856 | 4 | 1 | _uhttps://shs.cairn.info/magazine-philosophie-magazine-2021-6-page-61?lang=fr&redirect-ssocas=7080 |
| 999 |
_c1838125 _d1838125 |
||